FIVE TEACHERS GYNAECOLOGY (Record no. 333)
[ view plain ]
| 000 -LEADER | |
|---|---|
| fixed length control field | 00279nam a2200133Ia 4500 |
| 082 ## - DEWEY DECIMAL CLASSIFICATION NUMBER | |
| Classification number | 618.1 |
| Item number | G09K |
| 100 ## - MAIN ENTRY--PERSONAL NAME | |
| Personal name | KHAN,RL |
| 245 ## - TITLE STATEMENT | |
| Title | FIVE TEACHERS GYNAECOLOGY |
| 250 ## - EDITION STATEMENT | |
| Edition statement | 3RD |
| 260 ## - PUBLICATION, DISTRIBUTION, ETC. (IMPRINT) | |
| Name of publisher, distributor, etc | CBS |
| Place of publication, distribution, etc | DELHI |
| Year of Publication | 2009 |
| 300 ## - PAGE DESCRIPTION | |
| No. of Pages | 1-387 |
| 650 ## - SUBJECT ADDED ENTRY--TOPICAL TERM | |
| Topical term or geographic name as entry element | OBST & GYNAECOLOGY |
| 942 ## - ADDED ENTRY ELEMENTS (KOHA) | |
| Source of classification or shelving scheme | Dewey Decimal Classification |
| Koha item type | Books |
| Withdrawn status | Lost status | Source of classification or shelving scheme | Damaged status | Not for loan | Collection code | Home library | Current library | Shelving location | Date acquired | Vendor Name | Cost, normal purchase price | Volume Information (Serial or Books or Non-Book Material) | SGTU | Bill Number | Total Checkouts | Full call number | Accession No. (Barcode) | Date last seen | Bill Date | Koha item type | Date last borrowed |
|---|---|---|---|---|---|---|---|---|---|---|---|---|---|---|---|---|---|---|---|---|---|
| Dewey Decimal Classification | MEDICAL | SGT Medical Library | SGT Medical Library | Text Book | 12/02/2010 | U.B.S. DELHI | 250.00 | I | SGTU | 950 | 618.1 G09K | FM1803 | 09/02/2015 | 17/03/2011 | Books | ||||||
| Dewey Decimal Classification | MEDICAL | SGT Medical Library | SGT Medical Library | Text Book | 12/02/2010 | U.B.S. DELHI | 250.00 | I | SGTU | 950 | 1 | 618.1 G09K | FM1804 | 16/09/2017 | 17/03/2011 | Books | 04/09/2017 | ||||
| Dewey Decimal Classification | MEDICAL | SGT Medical Library | SGT Medical Library | Text Book | 12/02/2010 | U.B.S. DELHI | 250.00 | I | SGTU | 950 | 618.1 G09K | FM1805 | 09/02/2015 | 17/03/2011 | Books | ||||||
| Dewey Decimal Classification | MEDICAL | SGT Medical Library | SGT Medical Library | Text Book | 12/02/2010 | U.B.S. DELHI | 250.00 | I | SGTU | 950 | 618.1 G09K | FM1806 | 09/02/2015 | 17/03/2011 | Books | ||||||
| Dewey Decimal Classification | MEDICAL | SGT Medical Library | SGT Medical Library | Text Book | 12/02/2010 | U.B.S. DELHI | 250.00 | I | SGTU | 950 | 618.1 G09K | FM1807 | 09/02/2015 | 17/03/2011 | Books |